Detalles MARC
| 000 -CABECERA |
| campo de control de longitud fija |
01792nam a22002537a 4500 |
| 003 - IDENTIFICADOR DEL NÚMERO DE CONTROL |
| campo de control |
DO-SdBNP |
| 005 - FECHA Y HORA DE LA ÚLTIMA TRANSACCIÓN |
| campo de control |
20211213083435.0 |
| 007 - CAMPO FIJO DE DESCRIPCIÓN FÍSICA--INFORMACIÓN GENERAL |
| campo de control de longitud fija |
ta |
| 008 - DATOS DE LONGITUD FIJA--INFORMACIÓN GENERAL |
| campo de control de longitud fija |
211119b2021 dr a|||| |||| 00| 0 spa d |
| 020 ## - NÚMERO INTERNACIONAL ESTÁNDAR DEL LIBRO |
| Número Internacional Estándar del Libro |
97899450988309 |
| 040 ## - FUENTE DE LA CATALOGACIÓN |
| Centro catalogador/agencia de origen |
DO-SdBNP |
| Lengua de catalogación |
spa |
| Centro/agencia transcriptor |
BNPHU |
| 082 #4 - NÚMERO DE LA CLASIFICACIÓN DECIMAL DEWEY |
| Número de edición |
22 |
| Número de documento/Ítem |
C352b |
| 100 1# - ENTRADA PRINCIPAL--NOMBRE DE PERSONA |
| Nombre de persona |
Castillo Lachapelle, Ramón, |
| Fechas asociadas al nombre |
1956- |
| 9 (RLIN) |
80680 |
| 245 10 - MENCIÓN DE TÍTULO |
| Título |
Buenas prácticas agrícolas : |
| Resto del título |
manejo esponsable de fitosanitarios / |
| Mención de responsabilidad, etc. |
Ramón Castillo Lachapelle ; prólogo Porfirio A. Álvarez Fernández. |
| 260 ## - PUBLICACIÓN, DISTRIBUCIÓN, ETC. |
| Lugar de publicación, distribución, etc. |
Santo Domingo : |
| Nombre del editor, distribuidor, etc. |
Centro de Educación para el Medio Ambiente y la Agricultura, CEMAAGRI, |
| Fecha de publicación, distribución, etc. |
2021. |
| 300 ## - DESCRIPCIÓN FÍSICA |
| Extensión |
483 p. : |
| Otras características físicas |
il. ; |
| Dimensiones |
23 cm. |
| 500 ## - NOTA GENERAL |
| Nota general |
Incluye datos biográficos del autor en la solapa de la contracubierta. |
| 504 ## - NOTA DE BIBLIOGRAFÍA, ETC. |
| Nota de bibliografía, etc. |
Bibliografía : p. 441-445 |
| 505 0# - NOTA DE CONTENIDO CON FORMATO |
| Nota de contenido con formato |
Relación de siglas y acrónimos |
| Título |
Agradecimientos -- |
| -- |
Prólogo / |
| Mención de responsabilidad |
Porfirio A. Álvarez Fernández -- |
| Título |
Presentación / |
| Mención de responsabilidad |
Ramón Catillo Lachapelle -- |
| Información miscelánea |
Capítulo I. |
| Título |
Conceptos generales de las buenas prácticas agrícolas (BPA) -- |
| Información miscelánea |
Capítulo II. |
| Título |
Manejo de cultivos y BPA -- |
| Información miscelánea |
Capítulo III. |
| Título |
Plagas, enfermedades y malezas en cultivos -- |
| Información miscelánea |
Capítulo IV. |
| Título |
Conceptos generales de los fitosanitarios – |
| Información miscelánea |
Capítulo V. |
| Título |
Clasificación de los fitosanitarios – |
| Información miscelánea |
Capítulo VI. |
| Título |
Manejo integrado de insectos, nematodos, roedores, enfermedades y malezas en cultivos – |
| Información miscelánea |
Capítulo VII. |
| Título |
Aplicación de fitosanitarios – |
| Información miscelánea |
Capítulo VIII. |
| Título |
Almacenamiento y transporte de fitosanitarios – |
| Información miscelánea |
Capítulo IX. |
| Título |
Toxicidad de fitosanitarios y primeros auxilios – |
| Información miscelánea |
Capítulo X. |
| Título |
Marco regulatorio de los fitosanitarios – |
| -- |
Bibliografía – |
| -- |
Anexos. |
| 590 ## - NOTA LOCAL (RLIN) |
| Nota local |
Inventariado, 2021 /LP<br/><br/> |
| 700 1# - PUNTO DE ACCESO ADICIONAL--NOMBRE DE PERSONA |
| Nombre de persona |
Álvarez Fernández, Porfirio A., |
| Término indicativo de función/relación |
pról. |
| 9 (RLIN) |
80681 |
| 910 ## - DATOS DE OPCIÓN DEL USUARIO (OCLC) |
| Datos de opción del usuario |
Lopérez |
| 942 ## - ELEMENTOS DE PUNTO DE ACCESO ADICIONAL (KOHA) |
| Fuente del sistema de clasificación o colocación |
Dewey Decimal Classification |
| Tipo de ítem Koha |
Libro |